000 00313nam a2200145Ia 4500
100 _aPhillips/joseph
650 _aInformation technology
942 _cBK
654 _ait
245 _aIT Project Management
260 _bTata Mc Graw hill
_c2002
082 _a5.15
_bPHI
300 _a492
546 _aENGLISH
999 _c20921
_d20921